000 00378nam a2200133Ia 4500
008 151001s9999||||xx |||||||||||||| ||und||
100 _aह न जोशी
245 _aश्री क्षेत्र औदुंबर
250 _a1
260 _bजयहिंद प्रकाशन मुंबई
260 _c1977
300 _a48
365 _b18
999 _c966478
_d966475